LEADER 01305oam 2200409zu 450 001 9910164335503321 005 20210807002212.0 010 $a0-8031-5297-3 035 $a(CKB)3170000000044177 035 $a(SSID)ssj0001489560 035 $a(PQKBManifestationID)11836427 035 $a(PQKBTitleCode)TC0001489560 035 $a(PQKBWorkID)11453677 035 $a(PQKB)11259472 035 $a(EXLCZ)993170000000044177 100 $a20160829d1995 uy 101 0 $aeng 181 $ctxt 182 $cc 183 $acr 200 00$aComposite Materials: Fatigue and Fracture. Vol. 5 210 31$a[Place of publication not identified]$cAmerican Society for Testing & Materials$d1995 300 $aBibliographic Level Mode of Issuance: Monograph 311 $a0-8031-2012-5 517 $aComposite Materials 606 $aChemical & Materials Engineering$2HILCC 606 $aEngineering & Applied Sciences$2HILCC 606 $aMaterials Science$2HILCC 615 7$aChemical & Materials Engineering 615 7$aEngineering & Applied Sciences 615 7$aMaterials Science 702 $aMartin$b Roderick H 801 0$bPQKB 906 $aBOOK 912 $a9910164335503321 996 $aComposite Materials: Fatigue and Fracture. Vol. 5$91988004 997 $aUNINA LEADER 01663nas 2200385 n 450 001 990008904250403321 005 20240229084308.0 035 $a000890425 035 $aFED01000890425 035 $a(Aleph)000890425FED01 035 $a000890425 091 $2CNR$aP 00157011 100 $a20090724a19899999km-y0itaa50------ba 101 0 $aita 102 $aIT 110 $aauu-------- 200 1 $aAnnuario ISTAT. Statistiche delle scuole secondarie superiori 207 1$a1989- 210 $aRoma$cISTAT 326 $aAnnuale 443 0$1001000906091$12001$aStatistiche dell'istruzione 530 0 $aAnnuario ISTAT. Statistiche delle scuole secondarie superiori 675 $a31 675 $a37 712 02$aIstat 801 0$aIT$bACNP$c20090723 859 4 $uhttp://acnp.cib.unibo.it/cgi-ser/start/it/cnr/dc-p1.tcl?catno=917871&person=false&language=ITALIANO&libr=&libr_th=unina1$zBiblioteche che possiedono il periodico 901 $aSE 912 $a990008904250403321 958 $aBiblioteca. Dipartimento di Pianificazione e Scienza del Territorio della Federico II di Napoli$b1989-$fDINST 959 $aDINST 996 $aAnnuario ISTAT. Statistiche delle scuole secondarie superiori$9800618 997 $aUNINA AP1 8 $6866-01$aNA102 Biblioteca. Dipartimento di Pianificazione e Scienza del Territorio dell'Università Federico II di Napoli (Sez. di Ortopedia)$ep.le Tecchio,80, Napoli (NA)$m(081) 7682318$m(081) 7682309$nit AP2 40$aacnp.cib.unibo.it$nACNP Italian Union Catalogue of Serials$uhttp://acnp.cib.unibo.it/cgi-ser/start/it/cnr/df-p.tcl?catno=917871&language=ITALIANO&libr=&person=&B=1&libr_th=unina&proposto=NO